Mil problemas de cálculo infinitesimal
Salvato in:
| Autore principale: | |
|---|---|
| Natura: | Libro |
| Lingua: | spagnolo |
| Pubblicazione: |
Madrid
Dossat
1960
|
| Edizione: | 3a. ed |
| Soggetti: | |
| Tags: |
Aggiungi Tag
Nessun Tag, puoi essere il primo ad aggiungerne!!
|
MARC
| LEADER | 00000nam a2200000 a 4500 | ||
|---|---|---|---|
| 001 | UCQ9520 | ||
| 003 | CL-VaPUC | ||
| 008 | 990112e19600000SP |||||||||||||||||spa|d | ||
| 082 | 0 | 4 | |a 515 |b MAT |2 21 |
| 100 | |a Mataix Plana, José Luis |e autor |9 424120 | ||
| 245 | 1 | 0 | |a Mil problemas de cálculo infinitesimal |
| 250 | |a 3a. ed | ||
| 300 | |a 2 v | ||
| 942 | |c BK | ||
| 945 | |d 19990112 00:00:00 |a crobeson | ||
| 260 | |a Madrid |b Dossat |c 1960 | ||
| 500 | |a v.1: Algebra | ||
| 500 | |a v.2: Cálculo integral | ||
| 650 | 0 | |a Cálculo |9 260234 | |
| 650 | 0 | |a Cálculo diferencial |9 260102 | |
| 650 | 0 | |a Cálculo integral |9 260103 | |
| 650 | 0 | |a Ecuaciones |9 260137 | |
| 650 | 0 | |a Ecuaciones diferenciales |9 260083 | |
| 650 | 0 | |a Ecuaciones integrales |9 270067 | |
| 583 | |a last modification |c 19990112 00:00:00 |k Rodrigo Vera | ||
| 999 | |c 278520 |d 278518 | ||
| 952 | |0 0 |1 0 |4 0 |6 515_000000000000000_MAT_1960 |7 0 |8 A |9 317112 |a BIBMAT |b BIBMAT |d 2019-11-20 |h v.1 |i 1315552 |o 515 MAT 1960 |p 1315552 |r 2025-01-07 |w 2019-11-20 |y BK |k MAT | ||
| 952 | |0 0 |1 0 |4 0 |6 515_000000000000000_MAT_1960 |7 0 |8 A |9 317113 |a BIBMAT |b BIBMAT |d 2019-11-20 |h v.2 |i 1315560 |o 515 MAT 1960 |p 1315560 |r 2025-01-07 |w 2019-11-20 |y BK |k MAT | ||
| 952 | |0 0 |1 0 |4 0 |6 515_000000000000000_MAT_1960 |7 0 |8 A |9 317114 |a BIBING |b BIBING |d 2019-11-20 |h v.2 |i 4096495 |o 515 MAT 1960 |p 4096495 |r 2025-01-20 |w 2019-11-20 |y BK |k ING | ||